Maestros de la pintura / (Registro nro. 46320)

Detalles MARC
000 -LEADER
campo de control de longitud fija 01854cam a2200397 4500
003 - IDENTIFICADOR DE NÚMERO DE CONTROL
campo de control PE-LiUPU
005 - FECHA Y HORA DE LA ÚLTIMA TRANSACCIÓN
campo de control 20250731183421.0
008 - DATOS DE LONGITUD FIJA--INFORMACIÓN GENERAL
campo de control de longitud fija 231102b |||||||| |||| 00| 0 spa d
020 ## - NÚMERO INTERNACIONAL ESTÁNDAR DEL LIBRO
Número Internacional Estándar del Libro 9972891228
035 ## - NÚMERO DE CONTROL DEL SISTEMA
Número de control de sistema (Sirsi) i9789972891229
035 ## - NÚMERO DE CONTROL DEL SISTEMA
Número de control de sistema (Sirsi) 27334
035 ## - NÚMERO DE CONTROL DEL SISTEMA
Número de control de sistema (Sirsi) 27334
040 ## - FUENTE DE CATALOGACIÓN
Centro catalogador/agencia de origen PE-LiUPU
Lengua de catalogación spa
Centro/agencia transcriptor PE-LiUPU
Normas de descripción rda
041 ## - CÓDIGO DE IDIOMA
Código de lengua del texto/banda sonora o título independiente es
044 ## - CÓDIGO DEL PAÍS DE LA ENTIDAD EDITORA/PRODUCTORA
Código MARC del país pe
082 04 - NÚMERO DE LA CLASIFICACIÓN DECIMAL DEWEY
Número de clasificación 759
Cutter E37m
Número de edición 23
110 00 - ENTRADA PRINCIPAL--NOMBRE DE ENTIDAD CORPORATIVA
Nombre de entidad corporativa o nombre de jurisdicción como elemento de entrada El Comercio S.A., Empresa Editora
245 ## - MENCIÓN DEL TÍTULO
Título Maestros de la pintura /
Mención de responsabilidad, etc. El Comercio, Empresa Editora S. A.
264 #1 - PRODUCCIÓN, PUBLICACIÓN, DISTRIBUCIÓN, FABRICACIÓN Y COPYRIGHT
Producción, publicación, distribución, fabricación y copyright Lima :
Nombre del de productor, editor, distribuidor, fabricante Empresa Editora El Comercio,
Fecha de producción, publicación, distribución, fabricación o copyright 2002
300 ## - DESCRIPCIÓN FÍSICA
Extensión 272 páginas :
Otras características físicas ilustraciones ;
Dimensiones 28 cm.
500 ## - NOTA GENERAL
Nota general Encuadernado en la imprenta Unión y sín cubierta. Contiene 33 fascículos
505 0# - NOTA DE CONTENIDO CON FORMATO
Nota de contenido con formato La lectura de una obra de arte. Prerrenacimento. Escuela alemana y flamenca. Alto renacimiento. Escuela veneciana. Manierismo frente al barroco. Barroco en España. Barroco en países bajos. Pintura inglesa del XVIII. Rococó. Neoclasicismo. Romanticismo. Realismo. Prerrafaelistas frente a simbolistas. Impresionismo I. Impresionismo II. Postimpresionismo. Postimpresionismo y siglo XX. Del art noveau al expresionismo. Expresionismo. Matisse y el fauvismo. Picasso y el cubismo. Cubismo II. Surrealismo I. Surrealismo II. Modernidad clásica. Arte de América. Pintura fantástica. Expresionismo abstracto. Pop art. Pintura contemporánea I. Pintura contemporanea II.
521 ## - NOTA DE PÚBLICO DESTINATARIO
Nota de público destinatario Público en general
526 ## - NOTA DE INFORMACIÓN SOBRE EL PROGRAMA DE ESTUDIO
Nombre del programa Maestría Bim Facility Management (A distancia)
526 ## - NOTA DE INFORMACIÓN SOBRE EL PROGRAMA DE ESTUDIO
Nombre del programa
526 ## - NOTA DE INFORMACIÓN SOBRE EL PROGRAMA DE ESTUDIO
Nombre del programa Educación musical y artes
526 ## - NOTA DE INFORMACIÓN SOBRE EL PROGRAMA DE ESTUDIO
Nombre del programa Educación, especialidad educación física
526 ## - NOTA DE INFORMACIÓN SOBRE EL PROGRAMA DE ESTUDIO
Nombre del programa Arquitectura
650 14 - PUNTO DE ACCESO ADICIONAL DE MATERIA--TÉRMINO DE MATERIA
Término de materia o nombre geográfico como elemento de entrada Pintura
Subdivisión general Colecciones
650 14 - PUNTO DE ACCESO ADICIONAL DE MATERIA--TÉRMINO DE MATERIA
Término de materia o nombre geográfico como elemento de entrada Pintores
Subdivisión de forma Biografías
910 ## - DATOS DE OPCIÓN DEL USUARIO (OCLC)
Datos de opción del usuario aj
942 ## - ELEMENTOS DE ENTRADA SECUNDARIOS (KOHA)
Fuente del sistema de clasificación o colocación Clasificación Decimal Dewey
Tipo de ítem Koha Libros físicos
Suprimir en OPAC No
949 ## - PROCESAMIENTO DE INFORMACIÓN LOCAL (OCLC)
a 752.2 C73
i 51655
l CCODEBUL1
m BUL
t LIBRO
o .STAFF. Colección General
980 ## - EQUIVALENCIA O REFERENCIA-CRUZADA-MENCIÓN DE SERIE--NOMBRE DE PERSONA/TÍTULO [LOCAL, CANADÁ]
ID del último usuario que modificó el registro 1
Nombre del último usuario que modificó el registro ALBERTO SANCHEZ Responsable de Automatización
Existencias
Visto por última vez Número de inventario Total de préstamos Signatura topográfica completa Código de barras Fecha del último préstamo Copia número Coste, precio de reemplazo Facultad Tipo de ítem Koha Nota pública Estado de pérdida Fuente del sistema de clasificación o colocación Restricciones de uso No para préstamo Colección Programa académico Biblioteca de origen Biblioteca actual Ubicación en estantería Fecha de adquisición Fuente de adquisición Coste, precio normal de compra
2025-12-03 8 1 759 E37m 51655 2024-09-02 e1 13.00 FACIHED Libros físicos Este Ítem NO se presta por ser Ejemplar #1. No Perdido Clasificación Decimal Dewey No restringido Disponible para préstamos Colección General Educación musical y artes Biblioteca CRAI UPeU Lima Biblioteca CRAI UPeU Lima Sala principal 2015-06-24 COMPRA 8.00
2025-12-03 7 3 759 E37m 57223 2024-09-05 e2 16.00 FACIHED Libros físicos   No Perdido Clasificación Decimal Dewey No restringido Disponible para préstamos Colección General Educación musical y artes Biblioteca CRAI UPeU Lima Biblioteca CRAI UPeU Lima Sala principal 2015-06-25 COMPRA 11.00